[Event "Frankfurt-chA"]
[Site "Frankfurt"]
[Date "2017.05.02"]
[Round "2"]
[White "Seickel, Ralf"]
[Black "Schmitt, Roland"]
[Result "1-0"]
[WhiteElo "2047"]
[BlackElo "1848"]
[PlyCount "87"]
[EventDate "2017.04.24"]
[EventType "swiss"]
[EventRounds "7"]
[EventCountry "GER"]
[SourceTitle "EXT 2018"]
[Source "ChessBase"]
[SourceDate "2017.10.13"]
[SourceVersion "1"]
[SourceVersionDate "2017.10.13"]
[SourceQuality "1"]

1. e4 c5 2. Nf3 d6 3. c3 Nf6 4. Be2 g6 5. 0-0 Bg7 6. Bb5+ Bd7 7. Bxd7+ Qxd7 8. Re1 0-0 9. d4 Nc6 10. Bg5 cxd4 11. cxd4 h6 12. Bc1 Rfd8 13. Nc3 Rac8 14. Bd2 e5 15. d5 Nd4 16. Be3 Nxf3+ 17. Qxf3 b5 18. a3 Ng4 19. Bd2 f5 20. h3 Nf6 21. exf5 gxf5 22. Qd3 Rc4 23. b3 e4 24. Qg3 e3 25. Qxe3 f4 26. Qd3 Rc5 27. Rad1 Rdc8 28. Ne4 Nxe4 29. Qxe4 Qf7 30. Bb4 Bc3 31. Bxc5 Rxc5 32. Re2 a5 33. Qd3 b4 34. axb4 axb4 35. Re6 Be5 36. Rg6+ Kf8 37. Rxh6 Rc3 38. Qb5 Kg7 39. Re6 Qa7 40. Qe2 Rg3 41. Rxe5 f3 42. Re7+ Kf8 43. Rxa7 Rxg2+ 44. Kf1 1-0

[Event "Pfalz op-B 8th"]
[Site "Neustadt an der Weinstrasse"]
[Date "2017.02.27"]
[Round "7"]
[White "Schmitt, Roland"]
[Black "Reissfelder, Matthias"]
[Result "1/2-1/2"]
[WhiteElo "1940"]
[BlackElo "1751"]
[PlyCount "81"]
[EventDate "2017.02.24"]
[EventType "swiss"]
[EventRounds "7"]
[EventCountry "GER"]
[SourceTitle "CBM 177 Extra"]
[Source "ChessBase"]
[SourceDate "2017.04.27"]
[SourceVersion "1"]
[SourceVersionDate "2017.04.27"]
[SourceQuality "1"]

1. d4 Nf6 2. c4 c5 3. Nf3 g6 4. Nc3 Bg7 5. e4 cxd4 6. Nxd4 d6 7. Be2 0-0 8. 0-0 a6 9. Be3 Bd7 10. f3 Nc6 11. Qd2 Rc8 12. Rac1 Qa5 13. Rfd1 Rfd8 14. Bf1 Qh5 15. Nce2 Nxd4 16. Nxd4 h6 17. Ne2 g5 18. Ng3 Qg6 19. Bb6 Re8 20. Bd3 e5 21. Bf1 h5 22. Be3 g4 23. Kh1 h4 24. Ne2 Re6 25. Qb4 Bc6 26. Nc3 gxf3 27. gxf3 Qh5 28. Be2 Nxe4 29. Nxe4 Bxe4 30. Rf1 Bc6 31. Qe1 Rg6 32. Qf2 Re8 33. Rg1 Ree6 34. Rxg6 Rxg6 35. Rg1 f5 36. Rxg6 Qxg6 37. Qxh4 f4 38. Qd8+ Kh7 39. Qh4+ Kg8 40. Qd8+ Kh7 41. Qh4+ 1/2-1/2

[Event "Pfalz op-B 8th"]
[Site "Neustadt an der Weinstrasse"]
[Date "2017.02.27"]
[Round "6"]
[White "Stalter, Thomas"]
[Black "Schmitt, Roland"]
[Result "0-1"]
[WhiteElo "1822"]
[BlackElo "1940"]
[PlyCount "88"]
[EventDate "2017.02.24"]
[EventType "swiss"]
[EventRounds "7"]
[EventCountry "GER"]
[SourceTitle "CBM 177 Extra"]
[Source "ChessBase"]
[SourceDate "2017.04.27"]
[SourceVersion "1"]
[SourceVersionDate "2017.04.27"]
[SourceQuality "1"]

1. c4 c5 2. g3 g6 3. Bg2 Bg7 4. Nf3 Nf6 5. Nc3 0-0 6. a3 Nc6 7. 0-0 d6 8. d3 Rb8 9. Rb1 a5 10. Bd2 Bf5 11. Qc1 Ng4 12. h3 Nge5 13. Nxe5 Bxe5 14. Nb5 Rc8 15. Bc3 Qd7 16. Kh2 d5 17. e4 dxe4 18. dxe4 Be6 19. Bxe5 Nxe5 20. Rd1 Qe8 21. b3 f6 22. Qc3 b6 23. Rd2 Bd7 24. f4 Bxb5 25. fxe5 Bc6 26. Rbd1 Qf7 27. exf6 exf6 28. e5 Bxg2 29. Kxg2 fxe5 30. Qxe5 Qf3+ 31. Kh2 Rce8 32. Qd5+ Kh8 33. Qxf3 Rxf3 34. Rd3 Re2+ 35. Kg1 Ree3 36. Rd8+ Kg7 37. R8d7+ Kh6 38. g4 Rxh3 39. g5+ Kxg5 40. R1d5+ Kg4 41. Rd2 Rxb3 42. Re7 Rbg3+ 43. Kf1 Rh1+ 44. Kf2 Rh2+ 0-1

[Event "Wunsiedel op 10th"]
[Site "Wunsiedel"]
[Date "2016.05.07"]
[Round "6"]
[White "Phenn, Jan Niklas"]
[Black "Schmitt, Roland"]
[Result "1/2-1/2"]
[WhiteElo "1833"]
[BlackElo "1936"]
[PlyCount "117"]
[EventDate "2016.05.05"]
[EventType "swiss"]
[EventRounds "7"]
[EventCountry "GER"]
[SourceTitle "CBM 172 Extra"]
[Source "ChessBase"]
[SourceDate "2016.06.21"]
[SourceVersion "1"]
[SourceVersionDate "2016.06.21"]
[SourceQuality "1"]

1. d4 Nf6 2. c4 g6 3. Nc3 d5 4. cxd5 Nxd5 5. e4 Nxc3 6. bxc3 Bg7 7. Bc4 c5 8. Ne2 Nc6 9. Be3 0-0 10. 0-0 Bg4 11. f3 cxd4 12. cxd4 Na5 13. Bd3 Be6 14. Qa4 a6 15. Rac1 b5 16. Qc2 Bc4 17. Bxc4 Nxc4 18. Qb3 Nxe3 19. Qxe3 Qb6 20. Kf2 Rac8 21. Rfd1 b4 22. Rd2 Rxc1 23. Nxc1 Rc8 24. Ne2 a5 25. d5 Qf6 26. g3 g5 27. Qd3 Qb6+ 28. Qe3 Qc5 29. Qxc5 Rxc5 30. Ke3 Kf8 31. Kd3 Ke8 32. Rc2 Rb5 33. Kc4 Rb7 34. Kb3 Be5 35. Rc5 a4+ 36. Kxa4 Bc7 37. Rb5 Ra7+ 38. Kxb4 Rxa2 39. Nd4 Rxh2 40. g4 Kd7 41. Kc4 Rf2 42. Rb7 Kc8 43. Rb3 Rh2 44. Nf5 Kd7 45. Rb7 Kc8 46. Rb3 Kd7 47. Rb7 Rc2+ 48. Kd3 Rc1 49. Kd2 Rc5 50. Kd3 Kc8 51. Rb1 e6 52. dxe6 fxe6 53. Nd4 Be5 54. Rh1 Rc7 55. Nxe6 Rc3+ 56. Ke2 Rc2+ 57. Kf1 Rc1+ 58. Ke2 Rc2+ 59. Kd1 1/2-1/2

[Event "Frankfurt-chA"]
[Site "Frankfurt"]
[Date "2016.04.25"]
[Round "1"]
[White "Schmitt, Roland"]
[Black "Hambel, Christoph"]
[Result "1-0"]
[WhiteElo "1881"]
[BlackElo "1543"]
[PlyCount "61"]
[EventDate "2016.04.25"]
[EventType "swiss"]
[EventRounds "9"]
[EventCountry "GER"]
[SourceTitle "EXT 2018"]
[Source "ChessBase"]
[SourceDate "2017.10.13"]
[SourceVersion "1"]
[SourceVersionDate "2017.10.13"]
[SourceQuality "1"]

1. d4 Nf6 2. c4 c5 3. d5 b5 4. cxb5 a6 5. bxa6 g6 6. Nc3 Bxa6 7. Nf3 d6 8. g3 Bg7 9. Bg2 0-0 10. 0-0 Nbd7 11. Rb1 Qc7 12. Re1 Rfc8 13. b3 Qa7 14. h3 Nh5 15. Qc2 c4 16. b4 Nb6 17. Be3 Bxc3 18. Bxb6 Qxb6 19. Qxc3 Nxg3 20. Nd4 Nh5 21. a4 Nf4 22. a5 Qc7 23. b5 Bb7 24. Nc6 Bxc6 25. dxc6 Nxg2 26. Kxg2 Rxa5 27. Qxc4 Qb6 28. Rec1 e6 29. e3 e5 30. Qd3 Rb8 31. Qd5 1-0

[Event "Rhein Main op-B 18th"]
[Site "Bad Homburg"]
[Date "2015.06.06"]
[Round "5"]
[White "Janzen, Andreas"]
[Black "Schmitt, Roland"]
[Result "0-1"]
[WhiteElo "1760"]
[BlackElo "1928"]
[PlyCount "76"]
[EventDate "2015.06.03"]
[EventType "swiss"]
[EventRounds "7"]
[EventCountry "GER"]
[SourceTitle "CBM 167 Extra"]
[Source "ChessBase"]
[SourceDate "2015.09.14"]
[SourceVersion "1"]
[SourceVersionDate "2015.09.14"]
[SourceQuality "1"]

1. d4 Nf6 2. c4 g6 3. Nc3 d5 4. cxd5 Nxd5 5. e4 Nxc3 6. bxc3 Bg7 7. Nf3 c5 8. Rb1 0-0 9. Be2 cxd4 10. cxd4 Qa5+ 11. Bd2 Qxa2 12. Qc1 Be6 13. Rb2 Qa3 14. Bb4 Qa4 15. Bxe7 Re8 16. Bd1 Qc6 17. Qxc6 Nxc6 18. Bg5 Bc4 19. Be3 b5 20. e5 Bf8 21. Be2 Nb4 22. Kd2 a5 23. Rhb1 Rec8 24. Ng5 Nd5 25. Ne4 b4 26. Bxc4 Rxc4 27. Kd3 Rc6 28. Bd2 a4 29. Nf6+ Nxf6 30. exf6 b3 31. d5 Rcc8 32. Bc3 Bd6 33. Bd4 Ra5 34. Ra1 Rca8 35. Kc4 Rc8+ 36. Kd3 Bb4 37. Re2 a3 38. f3 Rxd5 0-1

[Event "Rhein Main op-B 18th"]
[Site "Bad Homburg"]
[Date "2015.06.06"]
[Round "6"]
[White "Schmitt, Roland"]
[Black "Boldt, Kai Ulrich"]
[Result "1-0"]
[WhiteElo "1928"]
[BlackElo "1756"]
[PlyCount "45"]
[EventDate "2015.06.03"]
[EventType "swiss"]
[EventRounds "7"]
[EventCountry "GER"]
[SourceTitle "CBM 167 Extra"]
[Source "ChessBase"]
[SourceDate "2015.09.14"]
[SourceVersion "1"]
[SourceVersionDate "2015.09.14"]
[SourceQuality "1"]

1. e4 c5 2. Nf3 d6 3. d4 cxd4 4. Nxd4 Nf6 5. Nc3 a6 6. Bg5 e6 7. f4 Be7 8. Qf3 Qc7 9. 0-0-0 Nc6 10. Nb3 Rb8 11. Re1 0-0 12. Kb1 b5 13. Bd3 Bd7 14. Qg3 Nh5 15. Qh4 Bxg5 16. fxg5 g6 17. g4 Nf4 18. e5 Nxe5 19. Ne4 f5 20. Nf6+ Rxf6 21. gxf6 Nf7 22. gxf5 g5 23. Rhg1 1-0